Welcome to WEB OPAC of MRSPTU Central Library

A course in abstract algebra (Record no. 6221)

MARC details
000 -LEADER
fixed length control field 00448nam a2200181Ia 4500
008 - FIXED-LENGTH DATA ELEMENTS--GENERAL INFORMATION
fixed length control field 230711s9999||||xx |||||||||||||| ||und||
020 ## - INTERNATIONAL STANDARD BOOK NUMBER
International Standard Book Number 978-93-5259-320-0
041 ## - LANGUAGE CODE
Language code of text/sound track or separate title ENG
082 ## - DEWEY DECIMAL CLASSIFICATION NUMBER
Classification number 512
Item number KH-A
100 ## - MAIN ENTRY--PERSONAL NAME
Personal name Khanna,Vijay K
245 #2 - TITLE STATEMENT
Title A course in abstract algebra
250 ## - EDITION STATEMENT
Edition statement 5th Ed.
260 ## - PUBLICATION, DISTRIBUTION, ETC.
Date of publication, distribution, etc. 2016
Place of publication, distribution, etc. New Delhi
Name of publisher, distributor, etc. Vikas Publishing House Pvt Ltd.
300 ## - PHYSICAL DESCRIPTION
Extent 869p.
650 ## - SUBJECT ADDED ENTRY--TOPICAL TERM
Topical term or geographic name entry element Mathematics
700 ## - ADDED ENTRY--PERSONAL NAME
Personal name Bhambri,S K
942 ## - ADDED ENTRY ELEMENTS (KOHA)
Koha item type Book
Holdings
Withdrawn status Lost status Damaged status Not for loan Collection Home library Current library Date acquired Cost, normal purchase price Inventory number Total checkouts Full call number Barcode Date last seen Date last checked out Price effective from Koha item type Date due Source of acquisition Total renewals
          MRSPTU Central Library MRSPTU Central Library   530.00 KBD/2016-2017/963142808 1 512 KH-A 34953 11/29/2023 11/29/2023 08/17/2023 Book      
          MRSPTU Central Library MRSPTU Central Library   530.00 KBD/2016-2017/963142808   512 KH-A 34954 08/17/2023   08/17/2023 Book      
          MRSPTU Central Library MRSPTU Central Library   530.00 KBD/2016-2017/963142808 8 512 KH-A 34955 03/18/2026 02/23/2026 08/17/2023 Book      
          MRSPTU Central Library MRSPTU Central Library   530.00 KBD/2016-2017/963142808 10 512 KH-A 34956 04/22/2026 04/22/2026 08/17/2023 Book 05/13/2026    
          MRSPTU Central Library MRSPTU Central Library   530.00 KBD/2016-2017/963142808 10 512 KH-A 34957 04/16/2026 04/16/2026 08/17/2023 Book 05/07/2026    
          MRSPTU Central Library MRSPTU Central Library   530.00 KBD/2016-2017/963142808 8 512 KH-A 34958 03/09/2026 01/15/2026 08/17/2023 Book      
          MRSPTU Central Library MRSPTU Central Library   530.00 KBD/2016-2017/963142808 9 512 KH-A 34959 04/23/2026 04/23/2026 08/17/2023 Book 05/14/2026    
          MRSPTU Central Library MRSPTU Central Library   530.00 KBD/2016-2017/963142808 11 512 KH-A 34960 04/23/2026 04/23/2026 08/17/2023 Book 05/14/2026    
          MRSPTU Central Library MRSPTU Central Library   450.00 TB47444713 13 512.02 KH-A 41200 04/01/2026 04/01/2026 08/17/2023 Book 04/22/2026 Technical Bureau India PVT.LTD 1
          MRSPTU Central Library MRSPTU Central Library   450.00 TB47444713   512.02 KH-A 41201 08/17/2023   08/17/2023 Book   Technical Bureau India PVT.LTD  
          MRSPTU Central Library MRSPTU Central Library   450.00 TB47444713 6 512.02 KH-A 41202 04/06/2026 04/06/2026 08/17/2023 Book 04/27/2026 Technical Bureau India PVT.LTD  
          MRSPTU Central Library MRSPTU Central Library   450.00 TB47444713 11 512.02 KH-A 41203 04/07/2026 03/27/2026 08/17/2023 Book   Technical Bureau India PVT.LTD  

Website Designed and Developed by MRSPTU Central Library Team

E-mail Id: librarian@mrsptu.ac.in